« Retourner aux résultats de recherche
Route de la Kolyma (La)
voyage sur les traces du goulag
| Auteur principal: | Nicolas Werth |
|---|---|
| Support: | Livres |
| Langue: | Francais |
| Publié: |
2012 Belin Paris |
| Genre: |
Documentaire |
| Sujets: | |
| Étiquettes: |
Ajouter
Pas de Tags !
|
| LEADER | 01030nam0a2200193 450 | ||
|---|---|---|---|
| 001 | 16848338 | ||
| 010 | |a 978-2-7011-6416-8 |b Br. |d 20 | ||
| 100 | |a 20121031d2012 u u0frey01 ba | ||
| 101 | 0 | |a fre | |
| 102 | |a FR | ||
| 200 | 0 | |a Route de la Kolyma (La) |e voyage sur les traces du goulag |f Nicolas Werth | |
| 207 | 1 | |a | |
| 210 | |a Paris |b 8 Rue Férou. |c Belin |d 2012 | ||
| 215 | |a 1 vol. (194 p.) |d 22 x 15 cm | ||
| 330 | |a N. Werth a sillonné la Kolyma, à l'extrême est de la Russie, à la recherche des dernières traces du plus grand ensemble concentrationnaire soviétique : de 1930 jusqu'au milieu des années 1950, 20 millions de Soviétiques sont passés par ces camps, 2 millions sont morts et plus d'un million ont été exécutés. Visitant les vestiges du goulag, il a tenté d'appréhender cette civilisation disparue. | ||
| 700 | 0 | |a Werth |b Nicolas |4 70 | |
| 900 | |a Documentaire | ||
| 901 | |a Accessible au prêt | ||
| 995 | |a Bibliothèque |c Bibliothèque |f 00156007711567 |h 00156007711567 |k 947.084 WER |o p |q a |r az |e Bibliothèque | ||
